Tax incentives for development of brownfield land (Record no. 106840)

MARC details
000 -LEADER
fixed length control field 01232cad a22002535a 4500
001 - CONTROL NUMBER
control field L137594
008 - FIXED-LENGTH DATA ELEMENTS--GENERAL INFORMATION
fixed length control field 070417s2007 xxkd f f000 0 eng d
020 ## - INTERNATIONAL STANDARD BOOK NUMBER
International Standard Book Number 9781845322601
035 ## - SYSTEM CONTROL NUMBER
System control number (Sirsi) u137594
041 0# - LANGUAGE CODE
Language code of text/sound track or separate title eng
050 04 - LIBRARY OF CONGRESS CALL NUMBER
Classification number 333.73 $2 18
110 1# - MAIN ENTRY--CORPORATE NAME
Corporate name or jurisdiction name as entry element United Kingdom
Subordinate unit HM Treasury
245 00 - TITLE STATEMENT
Title Tax incentives for development of brownfield land
Remainder of title a consultation
Medium [electronic resource]
260 ## - PUBLICATION, DISTRIBUTION, ETC.
Place of publication, distribution, etc. London
Name of publisher, distributor, etc. HM Treasury
Date of publication, distribution, etc. 2007
520 ## - SUMMARY, ETC.
Summary, etc. Discusses improving the effectiveness of the two tax incentives for cleaning up contaminated land, land remediation relief and the exemption from landfill tax for waste from contaminated land. Covers long term derelict land, improving the development focus, timing issues in land remediation relief, Japanese Knotweed and the landfill tax exemption for waste from contaminated land.
590 ## - LOCAL NOTE (RLIN)
Local note KA NTK
650 24 - SUBJECT ADDED ENTRY--TOPICAL TERM
Topical term or geographic name entry element TAX RELIEF
650 24 - SUBJECT ADDED ENTRY--TOPICAL TERM
Topical term or geographic name entry element URBAN REGENERATION
650 24 - SUBJECT ADDED ENTRY--TOPICAL TERM
Topical term or geographic name entry element JAPANESE KNOTWEED
651 #4 - SUBJECT ADDED ENTRY--GEOGRAPHIC NAME
Geographic name United Kingdom
Chronological subdivision
690 ## - LOCAL SUBJECT ADDED ENTRY--TOPICAL TERM (OCLC, RLIN)
Topical term or geographic name as entry element PROPERTY-RURAL AND NATURAL ASSETS-LAND-CONTAMINATED LAND
856 40 - ELECTRONIC LOCATION AND ACCESS
Uniform Resource Identifier <a href="https://www.hm-treasury.gov.uk/budget/budget_07/documents/bud_bud07_brownfield.cfm">https://www.hm-treasury.gov.uk/budget/budget_07/documents/bud_bud07_brownfield.cfm</a>
Public note View the item free of charge at www.hm-treasury.gov.uk...
942 ## - ADDED ENTRY ELEMENTS (KOHA)
Suppress in OPAC 0
Holdings
Withdrawn status Lost status Source of classification or shelving scheme Damaged status Not for loan Home library Current library Shelving location Date acquired Total Checkouts Full call number Barcode Date last seen Copy number Price effective from Koha item type
    Dewey Decimal Classification     Virtual Virtual Online 17/04/2007   L137594 137594-1001 06/08/2019 1 06/08/2019 Book